Normal view
MARC view
Entry Personal Name
001 - CONTROL NUMBER
- control field: 8948
003 - CONTROL NUMBER IDENTIFIER
- control field: OSt
005 - DATE AND TIME OF LATEST TRANSACTION
- control field: 20160525175428.0
008 - FIXED-LENGTH DATA ELEMENTS
- fixed length control field: 160525|| aca||aabn | a|a d
040 ## - CATALOGING SOURCE
- Original cataloging agency: OSt
- Transcribing agency: OSt
100 ## - HEADING--PERSONAL NAME
- Personal name: Yagiela,A.John;Dowwd,J.Frank;Neidle,A.Enid;
670 ## - SOURCE DATA FOUND
- Source citation: Work cat.: (OSt): Yagiela,A.John;Dowwd,J.Frank;Neidle,A.Enid;, Pharmacology and Therapeutics for Dentists., 2004.
